Mechanical behavior of engineering materials (Record no. 22120)

000 -LEADER
fixed length control field 00506nam a22001931 4500
001 - CONTROL NUMBER
control field 22120
003 - CONTROL NUMBER IDENTIFIER
control field BD-DhUET
008 - FIXED-LENGTH DATA ELEMENTS--GENERAL INFORMATION
fixed length control field 800331s1962 paua b s000 0 eng
040 ## - CATALOGING SOURCE
Original cataloging agency DLC
Transcribing agency TxCM
Modifying agency BD-DhUET
082 ## - DEWEY DECIMAL CLASSIFICATION NUMBER
Classification number 620.1
Item number MAR/1963
100 ## - MAIN ENTRY--PERSONAL NAME
Personal name Marin, Joseph
245 10 - TITLE STATEMENT
Title Mechanical behavior of engineering materials
250 ## - EDITION STATEMENT
Edition statement 1st ed.
260 ## - PUBLICATION, DISTRIBUTION, ETC. (IMPRINT)
Place of publication, distribution, etc. New Jersey
Name of publisher, distributor, etc. Prentice-Hall
Date of publication, distribution, etc. 1963
300 ## - PHYSICAL DESCRIPTION
Extent x, 502 p.
Other physical details ill.
504 ## - BIBLIOGRAPHY, ETC. NOTE
Bibliography, etc Includes bibliographies
650 #0 - SUBJECT ADDED ENTRY--TOPICAL TERM
Topical term or geographic name as entry element Applied mechanics
942 ## - ADDED ENTRY ELEMENTS (KOHA)
Koha item type General Book
Holdings
Price effective from Copy number Source of classification or shelving scheme Koha date last borrowed Koha out on loan Koha date last seen Not for loan Sublocation or collection (holding branch) Koha full call number Koha item type Shelving location Lost status Piece designation (barcode) Koha normalized classification for sorting Damaged status Koha issues (times borrowed) Date acquired Location (home branch) Withdrawn status
2015-04-231   2015-04-23 Central Library, BUET620.1/MAR/1963General BookCirculation section 21007620_100000000000000_MAR_1963  2015-04-23Central Library, BUET 
2015-04-232 2022-07-032023-07-032022-07-03 Central Library, BUET620.1/MAR/1963General BookCirculation section 1571620_100000000000000_MAR_1963 12015-04-23Central Library, BUET 
2015-04-253   2015-04-25 Central Library, BUET620.1/MAR/1963General BookCirculation section 1570620_100000000000000_MAR_1963  2015-04-25Central Library, BUET 
2015-04-304   2015-04-30 Central Library, BUET620.1/MAR/1963General BookCirculation section 25732620_100000000000000_MAR_1963  2015-04-30Central Library, BUET 
2015-08-235   2015-08-23 Central Library, BUET620.1/MAR/1963General BookCirculation section 17659620_100000000000000_MAR_1963  2015-08-23Central Library, BUET